Sinnoh Pokemon - how many do you remember? - Statistics

General Stats
  • This quiz has been taken 883 times
  • The average score is 62 of 107
Answer Stats
Hint Answer % Correct
393 Piplup
96%
387 Turtwig
95%
390 Chimchar
94%
392 Infernape
94%
395 Empoleon
93%
389 Torterra
93%
391 Monferno
90%
484 Palkia
89%
394 Prinplup
89%
483 Dialga
88%
398 Staraptor
88%
396 Starly
88%
388 Grotle
87%
397 Staravia
85%
399 Bidoof
79%
487 Giratina
79%
491 Darkrai
77%
405 Luxray
77%
403 Shinx
77%
480 Uxie
75%
404 Luxio
74%
482 Azelf
73%
400 Bibarel
73%
493 Arceus
72%
481 Mesprit
72%
445 Garchomp
69%
443 Gible
69%
488 Cresselia
68%
492 Shaymin
68%
444 Gabite
67%
467 Magmortar
67%
407 Roserade
67%
448 Lucario
65%
418 Buizel
64%
485 Heatran
64%
466 Electivire
63%
419 Floatzel
63%
447 Riolu
63%
406 Budew
62%
489 Manaphy
60%
408 Cranidos
59%
490 Phione
59%
486 Regigigas
59%
409 Rampardos
58%
401 Kricketot
57%
402 Kricketune
57%
471 Glaceon
56%
470 Leafeon
56%
410 Shieldon
56%
411 Bastiodon
55%
460 Abomasnow
53%
412 Burmy
53%
429 Mismagius
53%
423 Gastrodon
51%
442 Spiritomb
51%
478 Froslass
50%
479 Rotom
50%
422 Shellos
50%
459 Snover
50%
413 Wormadam
50%
415 Combee
49%
461 Weavile
49%
430 Honchkrow
48%
432 Purugly
48%
425 Drifloon
47%
475 Gallade
47%
431 Glameow
47%
417 Pachirisu
47%
468 Togekiss
47%
454 Toxicroak
47%
437 Bronzong
46%
436 Bronzor
46%
453 Croagunk
46%
414 Mothim
46%
434 Stunky
46%
416 Vespiquen
46%
426 Drifblim
45%
472 Gliscor
45%
440 Happiny
45%
464 Rhyperior
45%
435 Skuntank
45%
427 Buneary
44%
462 Magnezone
44%
438 Bonsly
43%
428 Lopunny
43%
473 Mamoswine
43%
446 Munchlax
43%
421 Cherrim
42%
420 Cherubi
42%
469 Yanmega
42%
424 Ambipom
40%
439 Mime Jr.
40%
452 Drapion
39%
477 Dusknoir
39%
456 Finneon
39%
457 Lumineon
39%
465 Tangrowth
39%
451 Skorupi
37%
455 Carnivine
36%
441 Chatot
36%
449 Hippopotas
36%
450 Hippowdon
36%
433 Chingling
35%
463 Lickilicky
35%
474 Porygon - Z
35%
476 Probopass
33%
458 Mantyke
32%
No matching quizzes found
Score Distribution
Percent of People with Each Score
Percentile by Number Answered
Your Score History
You have not taken this quiz